مكتبة جامعة عجلون الوطنية

فهرس بحث المكتبة

Normal view MARC view
  • اللغة العربية - مؤتمرات

Entry Topical Term

Number of records used in: 1

001 - CONTROL NUMBER

  • control field: 56727

003 - CONTROL NUMBER IDENTIFIER

  • control field: JO-AjAnu

005 - DATE AND TIME OF LATEST TRANSACTION

  • control field: 20230606083308.0

008 - FIXED-LENGTH DATA ELEMENTS

  • fixed length control field: 230606|| aca||aabn | a|a d

040 ## - CATALOGING SOURCE

  • Original cataloging agency: JO-AjAnu
  • Transcribing agency: JO-AjAnu

150 ## - HEADING--TOPICAL TERM

  • Topical term or geographic name entry element: اللغة العربية - مؤتمرات

670 ## - SOURCE DATA FOUND

  • Source citation: Work cat.: (JO-AjAnu)28947: مجمع اللغة العربية الأردني، عمان - الأردن, author 56726, الموسم الثقافي الثاني عشر لمجمع اللغة العربية الأردني السبت 21 شوال 1414- السبت 26 ذو القعدة 1414هجري ، السبت 2 نيسان 1994- السبت 7 أيار 1994 عمان: مجمع اللغة العربية الأردني